Villes de Scandinavie + Finlande, en images - Statistiques

Statistiques générales
  • Ce quiz a été pris 357 fois
  • Le résultat moyen est 8 sur 18
Statistiques - réponses
Par images Hint Réponse % Correct
Norvège Oslo
98%
Danemark Copenhague
97%
Suède Stockholm
79%
Finlande Helsinki
68%
Suède Göteborg
65%
Norvège Bergen
64%
Suède Malmö
57%
Danemark Aarhus
40%
Finlande Tampere
38%
Norvège Tromsø
37%
Finlande Rovaniemi
29%
Danemark Aalborg
28%
Suède Uppsala
28%
Finlande Oulu
26%
Finlande Turku
26%
Danemark Odense
21%
Norvège Stavanger
20%
Suède Västerås
5%
Aucun quiz correspondant
Distribution des résultats
% des personnes avec chaque résultat
Percentile par nombre de réponses
Votre historique - résultats
Vous n’avez pas pris ce quiz